| 000 | 00433nam a2200181 i 4500 | ||
|---|---|---|---|
| 001 | bg | ||
| 003 | BPK | ||
| 005 | 20140925145225.0 | ||
| 008 | s1971 pl f f |000 0 polod | ||
| 040 | _cBPK | ||
| 080 | _a53 | ||
| 080 | _a(075.8) | ||
| 100 | 1 | _aSavel'ev, Igor' Vladimirovič | |
| 245 | 0 | 0 |
_a Kurs obščej fiziki _nT. 3 / _cI. W. Savelev. |
| 250 | _aIzd. 3 pererab. | ||
| 260 |
_aMoskva, _c1971. |
||
| 942 |
_cKS _2UKD |
||
| 999 |
_c25525 _d25525 |
||